书目信息 |
| 题名: |
微生物学实验
|
|
| 作者: | 范秀容 编 | |
| 分册: | ||
| 出版信息: | 北京 高等教育出版社 1989.5 |
|
| 页数: | 275页 | |
| 开本: | 20cm | |
| 丛书名: | ||
| 单 册: | ||
| 中图分类: | Q93-33 | |
| 科图分类: | ||
| 主题词: | 微生物--实验 , 微生物--研究 | |
| 电子资源: | ||
| ISBN: | 7-04-002014-9 | |
| 000 | 00686nam0 2200253 45 | |
| 001 | 0189003488 | |
| 005 | 20060406151753.01 | |
| 010 | @a7-04-002014-9@dCNY2.85 | |
| 020 | @aCN@b89003488 | |
| 100 | @a19900816d1989 e y0chiy0120 ea | |
| 101 | 0 | @achi |
| 102 | @aCN@b110000 | |
| 105 | @ay j 000yy | |
| 200 | 10 | @a微生物学实验@Awei sheng wu xue shi yan@f范秀容等编@Ffan xiu rong deng bian |
| 205 | @a2版 | |
| 210 | @a北京@c高等教育出版社@d1989.5 | |
| 215 | @a275页@d20cm | |
| 300 | @a高等学校教材 | |
| 606 | 0 | @a微生物@x实验 |
| 606 | 0 | @a微生物@x研究 |
| 690 | @aQ93-33 | |
| 701 | 0 | @a范秀容@Afan xiu rong@4编 |
| 801 | 0 | @aCN@bNLC@c20060406 |
| 905 | @f1@b248420@dQ93-33@e20=2 | |
| 微生物学实验/范秀容等编.-2版.-北京:高等教育出版社,1989.5 |
| 275页;20cm |
| 高等学校教材 |
| ISBN 7-04-002014-9:CNY2.85 |
| ● |
| 相关链接 |
|
|
|
|
正题名:微生物学实验
索取号:Q93-33/20=2
 
预约/预借
| 序号 | 登录号 | 条形码 | 馆藏地/架位号 | 状态 | 备注 |
| 1 | 0248418 | 202209555 | 密集书库/ [索取号:Q93-33/20=2] | 在馆 | |
| 2 | 0248419 | 202209591 | 密集书库/ [索取号:Q93-33/20=2] | 在馆 | |
| 3 | 0248420 | 000703901 | 密集书库/ [索取号:Q93-33/20=2] | 在馆 |